000 00453nam a2200145 4500
001 120540
003 ES-MaACL
005 20230906191555.0
007 t|
008 070214s1920 ve r ||||1| spa d
100 1 _aPittier, H.
_992429
245 1 0 _aEsbozo de las formaciones vegetales de Venezuela, con una breve reseña de los productos naturales y agrícolas /
_cH. Pittier.
260 _aCaracas :
_b[s. n.],
_c1920.
852 _aES-MaACL
_j1623-F-5
999 _c120540
_d120540